| 000 | 01126nam a22002777a 4500 | ||
|---|---|---|---|
| 003 | dpl | ||
| 005 | 20180915131007.0 | ||
| 008 | 180915b xxu||||| |||| 00| 0 eng d | ||
| 010 | _aB-049096 | ||
| 020 | _a300.00 | ||
| 035 | _aB-049096, B-049106 | ||
| 037 | _bCen Lib/Ret | ||
| 040 |
_aDPL _bHN _c0 |
||
| 082 |
_aउ _bमिश्ररा |
||
| 100 |
_aमिश्र, राजेंद्र _967853 |
||
| 245 |
_aठहरा हुआ पल / _cराजेंद्र मिश्र |
||
| 246 |
_aThahra hua pal / _bby Rajendra Mishr |
||
| 260 |
_aदिल्ली _bअभिरुचि प्रकाशन _c2001 |
||
| 270 |
_b दिल्ली _a3/114, कर्ण गली, विश्वास नगर, शाहदरा _e110032 |
||
| 300 |
_a307पृ. _c19सेमी (सजिल्द) |
||
| 650 |
_aहिंदी साहित्य _967854 |
||
| 650 |
_aहिंदी साहित्य _xउपन्यास _942619 |
||
| 650 |
_aHindi literature _967855 |
||
| 650 |
_aHindi literature _xfiction _967856 |
||
| 942 |
_2ddc _cHN _hउ _mमिश्ररा |
||
| 999 |
_c116704 _d116704 |
||